Crime Against Humanity (Record no. 21138)

MARC details
000 -LEADER
fixed length control field 00260nam a22001217a 4500
082 ## - DEWEY DECIMAL CLASSIFICATION NUMBER
Classification number 303.6250954 DHA V1
100 ## - MAIN ENTRY--AUTHOR NAME
Author name Dharkar, Anil
245 ## - TITLE STATEMENT
Title Crime Against Humanity
260 ## - PUBLICATION, DISTRIBUTION, ETC. (IMPRINT)
Place of publication Mumbai
Name of publisher Anil Dharkar
300 ## - PHYSICAL DESCRIPTION
Number of Pages 302
650 ## - SUBJECT ADDED ENTRY--TOPICAL TERM
Topical Term Violence
942 ## - ADDED ENTRY ELEMENTS (KOHA)
Koha item type Books

No items available.

                   Copyright © 2026 | Henry Martyn Institute | Hyderabad | TS-500052 | INDIA | Implemented by hmi.edu.in
Hit-Count:

Powered by Koha